| 000 | 01087nmm a22002657a 4500 | ||
|---|---|---|---|
| 005 | 20131128110842.0 | ||
| 008 | 131128b2013 ck ||||| |||| 00| 0 spa d | ||
| 041 | _aspa | ||
| 044 | _ack | ||
| 090 |
_aLB _b05800 |
||
| 110 |
_aMinisterio de Ambiente y Desarrollo Sostenible _9164 |
||
| 245 | _aCaja de herramientas para enfrentar el cambio climático | ||
| 260 |
_aBogotá _bMinAmbiente _c2013 |
||
| 300 |
_a164 p., y videos 8 min., _bil., (col), imagenes, _c13 cm |
||
| 505 | _aIncluye índice | ||
| 650 |
_aBrújula, bastón y lámpara para trasegar los caminos de la Educación Ambiental : _vPDF _93083 |
||
| 650 |
_aSelvas, comunidades y cambio climático : _vPDF. Cortesía de WWF y patrimonio Natural _93084 |
||
| 650 |
_aEse océano de aire en que vivimos : _vPDF _93085 |
||
| 650 |
_aAdaptación al cambio climático : _vVideo. Cortesía de Unicef _93086 |
||
| 650 |
_a¿Qué es el cambio climático : _vVideo. Cortesía de Unicef _93087 |
||
| 710 |
_aProsperidad para todos _93088 |
||
| 710 |
_aJardín Botánico _93089 |
||
| 710 |
_aAlcaldía Mayor _93090 |
||
| 942 |
_2z _cCD-ROM |
||
| 999 |
_c7950 _d7950 |
||